| 000 | 00380nam a22001457a 4500 | ||
|---|---|---|---|
| 999 |
_c15296 _d15296 |
||
| 005 | 20201030100937.0 | ||
| 008 | 200721b xxu||||| |||| 00| 0 eng d | ||
| 040 | _cREMY | ||
| 050 |
_aPR6063 _bPR6063 FIS |
||
| 100 | _aCatherine Fisher | ||
| 245 | _aAt the world's end | ||
| 260 |
_alondon _bBarrington _c2015 |
||
| 300 | _a94,.p | ||
| 942 |
_2lcc _cOS _hPR6063.A2354.F |
||